[Event "Plovdiv Tringov Memorial 45th"]
[Site "Plovdiv"]
[Date "2023.08.10"]
[Round "6"]
[White "Badev, Kiril"]
[Black "Kozhuharov, Spas"]
[Result "0-1"]
[WhiteElo "2087"]
[BlackElo "2363"]
[PlyCount "76"]
[EventDate "2023.08.06"]
[EventType "swiss"]
[EventRounds "9"]
[EventCountry "BUL"]
[SourceTitle "EXT 2024"]
[Source "ChessBase"]
[SourceDate "2023.10.10"]
[SourceVersion "1"]
[SourceVersionDate "2023.10.10"]
[SourceQuality "1"]

1. e4 c6 2. d4 d5 3. Nc3 dxe4 4. Nxe4 Nd7 5. Nf3 Ngf6 6. Nxf6+ Nxf6 7. Ne5 Be6 8. Be2 g6 9. 0-0 Bg7 10. c4 Ne4 11. Be3 Nd6 12. d5 cxd5 13. cxd5 Bf5 14. Qa4+ Bd7 15. Nxd7 Qxd7 16. Qb3 0-0 17. Rac1 a6 18. h3 h5 19. Rc2 Rac8 20. Rfc1 Rxc2 21. Rxc2 Nf5 22. Bb6 Rc8 23. Bd3 Be5 24. g3 Rxc2 25. Qxc2 Nd4 26. Bxd4 Bxd4 27. Kg2 Qxd5+ 28. Be4 Qxa2 29. Bxb7 a5 30. Be4 Qxb2 31. Bxg6 fxg6 32. Qxg6+ Kf8 33. Qf5+ Bf6 34. Qxa5 Qb7+ 35. Kg1 Qf3 36. h4 Kg7 37. Qd2 Qe4 38. Qd1 Qg4 0-1

[Event "Plovdiv Tringov Memorial 45th"]
[Site "Plovdiv"]
[Date "2023.08.09"]
[Round "5"]
[White "Kozhuharov, Spas"]
[Black "Javadov, Habil"]
[Result "1-0"]
[WhiteElo "2363"]
[BlackElo "1980"]
[PlyCount "101"]
[EventDate "2023.08.06"]
[EventType "swiss"]
[EventRounds "9"]
[EventCountry "BUL"]
[SourceTitle "EXT 2024"]
[Source "ChessBase"]
[SourceDate "2023.10.10"]
[SourceVersion "1"]
[SourceVersionDate "2023.10.10"]
[SourceQuality "1"]

1. c4 e6 2. Nf3 d5 3. g3 Nf6 4. Bg2 Be7 5. b3 0-0 6. 0-0 b6 7. Bb2 Bb7 8. e3 c5 9. Nc3 Nbd7 10. Qe2 Rc8 11. Rfd1 Qc7 12. Rac1 Qb8 13. cxd5 Nxd5 14. Nxd5 Bxd5 15. d4 Qa8 16. dxc5 Nxc5 17. Ne1 Ne4 18. Qg4 Bf6 19. Bxe4 Bxb2 20. Bxd5 exd5 21. Rxc8 Rxc8 22. Rxd5 Rc1 23. Rd1 Rxd1 24. Qxd1 Qc8 25. Qc2 Bc3 26. Nd3 b5 27. a4 a6 28. axb5 axb5 29. Nf4 b4 30. Qe4 g6 31. Nd5 Qc5 32. g4 h6 33. h4 Kg7 34. h5 Qa7 35. hxg6 fxg6 36. Nxc3 bxc3 37. Qe5+ Kh7 38. Qxc3 Qd7 39. Qd4 Qc6 40. Qc4 Qf3 41. b4 h5 42. gxh5 gxh5 43. Qc7+ Kh8 44. Qe5+ Kh7 45. b5 Qg4+ 46. Qg3 Qd1+ 47. Kh2 Qe2 48. b6 Qb5 49. Qc7+ Kg6 50. b7 Qb2 51. Qg3+ 1-0

[Event "Pozarevac Rudar Nesic Memorial 9th"]
[Site "Pozarevac"]
[Date "2023.01.27"]
[Round "3"]
[White "Tekeyev, Zaur"]
[Black "Kozhuharov, Spas"]
[Result "1/2-1/2"]
[WhiteElo "2394"]
[BlackElo "2360"]
[PlyCount "49"]
[EventDate "2023.01.25"]
[EventType "tourn"]
[EventRounds "9"]
[EventCountry "SRB"]
[SourceTitle "CBM 212 Extra"]
[Source "ChessBase"]
[SourceDate "2023.03.31"]
[SourceVersion "1"]
[SourceVersionDate "2023.03.31"]
[SourceQuality "1"]

1. e4 c6 2. Nf3 d5 3. Nc3 Bg4 4. h3 Bxf3 5. Qxf3 Nf6 6. Be2 e6 7. 0-0 Be7 8. d4 dxe4 9. Qe3 0-0 10. Nxe4 Nbd7 11. Ng5 Qb6 12. Nf3 c5 13. Qb3 Qc7 14. c4 Rfd8 15. Be3 Bd6 16. Rfd1 b6 17. Bd2 e5 18. dxe5 Nxe5 19. Bg5 Ned7 20. Qd3 Bf4 21. Bh4 Re8 22. g3 Be5 23. Rd2 h6 24. Bxf6 Bxf6 25. Rad1 1/2-1/2

[Event "Titled Tuesday intern op 04th Jan"]
[Site "Chess.com INT"]
[Date "2022.01.04"]
[Round "4"]
[White "Al Tarbosh, Ward"]
[Black "Kozhuharov, Spas"]
[Result "1-0"]
[WhiteElo "2221"]
[BlackElo "2350"]
[PlyCount "119"]
[EventDate "2022.01.04"]
[EventType "swiss (blitz)"]
[EventRounds "11"]
[EventCountry "USA"]
[SourceTitle "EXT 2023"]
[Source "ChessBase"]
[SourceDate "2022.10.05"]
[SourceVersion "1"]
[SourceVersionDate "2022.10.05"]
[SourceQuality "1"]

1. e4 c6 2. Nf3 d5 3. Nc3 Bg4 4. h3 Bh5 5. d4 e6 6. Bd3 Nf6 7. 0-0 Be7 8. Be3 0-0 9. e5 Nfd7 10. g4 Bg6 11. Ne2 c5 12. c3 Nc6 13. Nf4 Bxd3 14. Qxd3 Rc8 15. Kg2 Qb6 16. g5 Qxb2 17. Rab1 Qxa2 18. Rxb7 c4 19. Qd1 Nb6 20. Nh5 Qa6 21. Rxe7 Nxe7 22. Nh4 Ng6 23. Qg4 Nd7 24. Nf6+ gxf6 25. gxf6 Kh8 26. Bh6 Rg8 27. Bg7+ Rxg7 28. fxg7+ Kxg7 29. f4 Kh8 30. Nf3 Rg8 31. Ng5 Rg7 32. f5 exf5 33. Rxf5 Qa2+ 34. Rf2 Qa4 35. Nxf7+ Rxf7 36. Rxf7 Qc2+ 37. Rf2 Qe4+ 38. Qxe4 dxe4 39. Kg3 Kg7 40. Re2 Nb6 41. Rxe4 Nd5 42. Re2 Nxc3 43. Rc2 Ne4+ 44. Kf3 Ng5+ 45. Ke3 Nxh3 46. Rxc4 h5 47. Rc7+ Kf8 48. Rxa7 h4 49. e6 Ng5 50. d5 h3 51. Kf2 Nf4 52. e7+ Ke8 53. d6 h2 54. Ra8+ Kf7 55. e8Q+ Kf6 56. Qe7+ Kf5 57. Rf8+ Kg4 58. Qd7+ Nge6 59. Rg8+ Kf5 60. Rh8 1-0

[Event "PNWCC-Bulgaria Hybrid m2"]
[Site "Chess.com INT"]
[Date "2021.12.21"]
[Round "7"]
[White "Kozhuharov, Spas"]
[Black "Li, Eric"]
[Result "1-0"]
[WhiteElo "2370"]
[BlackElo "2341"]
[PlyCount "109"]
[EventDate "2021.12.18"]
[EventType "team-match"]
[EventRounds "12"]
[EventCountry "USA"]
[SourceTitle "CBM 206 Extra"]
[Source "ChessBase"]
[SourceDate "2022.03.31"]
[SourceVersion "1"]
[SourceVersionDate "2022.03.31"]
[SourceQuality "1"]
[WhiteTeam "Bulgaria"]
[BlackTeam "PNWCC"]
[WhiteTeamCountry "BUL"]
[BlackTeamCountry "USA"]

1. e4 c5 2. Nf3 d6 3. d4 cxd4 4. Nxd4 Nf6 5. Nc3 a6 6. f3 e5 7. Nb3 Be6 8. Be3 h5 9. Qd2 Nbd7 10. Nd5 Nxd5 11. exd5 Bf5 12. Be2 Be7 13. 0-0 Bg6 14. Na5 Qb8 15. b4 Bd8 16. Nb3 Bb6 17. Bxb6 Nxb6 18. c4 Nd7 19. c5 Qa7 20. Rac1 0-0 21. Kh1 Rfc8 22. c6 Nf6 23. Na5 bxc6 24. Nxc6 Qb7 25. a4 Bf5 26. Bd3 Bxd3 27. Qxd3 Rc7 28. Rc4 Rac8 29. Rfc1 Kh8 30. h3 Qb6 31. Kh2 Qb7 32. Nd8 Qxd5 33. Qxd5 Nxd5 34. Nxf7+ Kg8 35. Rxc7 Nxc7 36. Nxd6 Rd8 37. Ne4 Ne8 38. Rc5 Rd4 39. Rxe5 Nc7 40. Re7 Rc4 41. Nd6 Rc2 42. Nf5 Nd5 43. Rxg7+ Kf8 44. Rb7 Nf4 45. Kg3 Nxg2 46. b5 axb5 47. axb5 Rb2 48. b6 Ne1 49. Rb8+ Kf7 50. b7 Rg2+ 51. Kf4 Nd3+ 52. Ke3 Nc5 53. Rf8+ Kxf8 54. b8Q+ Kf7 55. Qc7+ 1-0

[Event "PNWCC-Bulgaria Hybrid m2"]
[Site "Chess.com INT"]
[Date "2021.12.19"]
[Round "3"]
[White "Kozhuharov, Spas"]
[Black "Krishnakumar, Sriram"]
[Result "1/2-1/2"]
[WhiteElo "2370"]
[BlackElo "2136"]
[PlyCount "96"]
[EventDate "2021.12.18"]
[EventType "team-match"]
[EventRounds "12"]
[EventCountry "USA"]
[SourceTitle "CBM 206 Extra"]
[Source "ChessBase"]
[SourceDate "2022.03.31"]
[SourceVersion "1"]
[SourceVersionDate "2022.03.31"]
[SourceQuality "1"]
[WhiteTeam "Bulgaria"]
[BlackTeam "PNWCC"]
[WhiteTeamCountry "BUL"]
[BlackTeamCountry "USA"]

1. c4 e5 2. g3 Nf6 3. Bg2 c6 4. d4 exd4 5. Qxd4 d5 6. Nf3 Na6 7. 0-0 Bc5 8. Qe5+ Qe7 9. Qxe7+ Bxe7 10. Nc3 dxc4 11. Ne5 0-0 12. Nxc4 Rd8 13. Bf4 Nc5 14. Rfd1 Be6 15. Na5 Rxd1+ 16. Rxd1 Rd8 17. Rc1 Rd7 18. b4 Na6 19. b5 Bb4 20. bxa6 Bxa5 21. axb7 Rxb7 22. Bxc6 Rb2 23. a4 Bxc3 24. Rxc3 Rxe2 25. Kf1 Ra2 26. Be3 a6 27. Bb6 h5 28. a5 Ng4 29. Bb7 Nxh2+ 30. Ke1 Ra1+ 31. Kd2 Ra2+ 32. Kc1 Ng4 33. Bxa6 Ne5 34. f4 Nd7 35. Bc7 Ra1+ 36. Kb2 Ra2+ 37. Kb1 Ra4 38. Bd3 Nf6 39. Rc5 Nd5 40. Bd8 Rd4 41. Bc2 Nb4 42. Bb6 Nxc2 43. Kxc2 Rc4+ 44. Rxc4 Bxc4 45. Kc3 Bf1 46. Kd4 Kh7 47. Ke5 Kg6 48. Bc5 f6+ 1/2-1/2

[Event "PNWCC-Bulgaria Hybrid m2"]
[Site "Chess.com INT"]
[Date "2021.12.18"]
[Round "1"]
[White "Eswaran, Ashritha"]
[Black "Kozhuharov, Spas"]
[Result "1-0"]
[WhiteElo "2275"]
[BlackElo "2370"]
[PlyCount "157"]
[EventDate "2021.12.18"]
[EventType "team-match"]
[EventRounds "12"]
[EventCountry "USA"]
[SourceTitle "CBM 206 Extra"]
[Source "ChessBase"]
[SourceDate "2022.03.31"]
[SourceVersion "1"]
[SourceVersionDate "2022.03.31"]
[SourceQuality "1"]
[WhiteTeam "PNWCC"]
[BlackTeam "Bulgaria"]
[WhiteTeamCountry "USA"]
[BlackTeamCountry "BUL"]

1. e4 c6 2. Nf3 d5 3. Nc3 Bg4 4. h3 Bh5 5. exd5 cxd5 6. Bb5+ Nc6 7. g4 Bg6 8. Ne5 Rc8 9. d4 e6 10. Qe2 Bb4 11. h4 Nge7 12. h5 Be4 13. f3 0-0 14. Nxc6 Nxc6 15. Be3 Qf6 16. fxe4 Nxd4 17. Bxd4 Qxd4 18. Rd1 Bxc3+ 19. bxc3 Qxc3+ 20. Kf1 dxe4 21. Qxe4 Qxc2 22. Qxc2 Rxc2 23. a4 a6 24. Be2 Ra2 25. Rd7 Rxa4 26. Rxb7 h6 27. Rh3 f5 28. gxf5 Rxf5+ 29. Rf3 Raf4 30. Rxf4 Rxf4+ 31. Ke1 a5 32. Bd3 Rf7 33. Rb6 Ra7 34. Bg6 Ra8 35. Rxe6 a4 36. Re2 a3 37. Ra2 Kf8 38. Kd2 Ke7 39. Kc3 Ra7 40. Kb3 Rb7+ 41. Kxa3 Kd6 42. Rb2 Rc7 43. Kb3 Kd5 44. Rc2 Ra7 45. Kc3 Ke5 46. Kd3 Rb7 47. Rc5+ Kd6 48. Ra5 Ke6 49. Ke4 Rb4+ 50. Kf3 Rb3+ 51. Kf4 Rb4+ 52. Be4 Rb6 53. Ra7 Kf6 54. Ra1 Rd6 55. Ra7 Rb6 56. Bg6 Rb4+ 57. Ke3 Rh4 58. Rf7+ Ke5 59. Rxg7 Rh3+ 60. Kf2 Kf4 61. Rf7+ Kg5 62. Rf5+ Kg4 63. Ra5 Rb3 64. Rc5 Kf4 65. Bc2 Ra3 66. Bd1 Ra6 67. Be2 Rb6 68. Rc8 Rd6 69. Rg8 Rf6 70. Rg6 Ke5+ 71. Ke3 Re6 72. Kf3 Rf6+ 73. Kg4 Rf4+ 74. Kg3 Rf6 75. Bg4 Rd6 76. Be2 Rf6 77. Bc4 Rd6 78. Rxd6 Kxd6 79. Kf4 1-0

[Event "PNWCC-Bulgaria Hybrid"]
[Site "Chess.com INT"]
[Date "2021.08.29"]
[Round "3"]
[White "Kozhuharov, Spas"]
[Black "Peng, Shunkai"]
[Result "1/2-1/2"]
[WhiteElo "2370"]
[BlackElo "2296"]
[PlyCount "24"]
[EventDate "2021.08.28"]
[EventType "team-match"]
[EventRounds "4"]
[EventCountry "USA"]
[SourceTitle "CBM 204 Extra"]
[Source "ChessBase"]
[SourceDate "2021.11.30"]
[SourceVersion "1"]
[SourceVersionDate "2021.11.30"]
[SourceQuality "1"]
[WhiteTeam "Bulgaria"]
[BlackTeam "PNWCC"]
[WhiteTeamCountry "BUL"]
[BlackTeamCountry "USA"]

1. Nf3 d5 2. c4 d4 3. b4 Bg4 4. Qb3 g6 5. Nxd4 Bg7 6. e3 Bxd4 7. exd4 Qxd4 8. Bb2 Qe4+ 9. Qe3 Qc2 10. Qb3 Qe4+ 11. Qe3 Qc2 12. Qb3 Qe4+ 1/2-1/2

[Event "PNWCC-Bulgaria Hybrid"]
[Site "Chess.com INT"]
[Date "2021.08.28"]
[Round "2"]
[White "Kozhuharov, Spas"]
[Black "Tiglon, Bryce"]
[Result "0-1"]
[WhiteElo "2370"]
[BlackElo "2396"]
[PlyCount "58"]
[EventDate "2021.08.28"]
[EventType "team-match"]
[EventRounds "4"]
[EventCountry "USA"]
[SourceTitle "CBM 204 Extra"]
[Source "ChessBase"]
[SourceDate "2021.11.30"]
[SourceVersion "1"]
[SourceVersionDate "2021.11.30"]
[SourceQuality "1"]
[WhiteTeam "Bulgaria"]
[BlackTeam "PNWCC"]
[WhiteTeamCountry "BUL"]
[BlackTeamCountry "USA"]

1. e4 e6 2. d4 d5 3. Nd2 c5 4. exd5 Qxd5 5. Ngf3 cxd4 6. Bc4 Qd7 7. 0-0 Nc6 8. Nb3 Nf6 9. Nbxd4 Nxd4 10. Nxd4 a6 11. b3 b5 12. Be2 Bb7 13. Bb2 Bc5 14. c4 Rd8 15. Nf3 Qe7 16. Qc1 0-0 17. cxb5 axb5 18. a3 b4 19. axb4 Bxb4 20. Ne5 Ne4 21. Nc4 Nd2 22. Nxd2 Rxd2 23. Ba6 Rc8 24. Qb1 Bxg2 25. Kxg2 Qg5+ 26. Kh1 Qd5+ 27. Kg1 Bd6 28. Ba3 Bb8 29. Rc1 Bxh2+ 0-1

[Event "PNWCC-Bulgaria Hybrid"]
[Site "Chess.com INT"]
[Date "2021.08.28"]
[Round "1"]
[White "Tiglon, Bryce"]
[Black "Kozhuharov, Spas"]
[Result "1/2-1/2"]
[WhiteElo "2396"]
[BlackElo "2370"]
[PlyCount "136"]
[EventDate "2021.08.28"]
[EventType "team-match"]
[EventRounds "4"]
[EventCountry "USA"]
[SourceTitle "CBM 204 Extra"]
[Source "ChessBase"]
[SourceDate "2021.11.30"]
[SourceVersion "1"]
[SourceVersionDate "2021.11.30"]
[SourceQuality "1"]
[WhiteTeam "PNWCC"]
[BlackTeam "Bulgaria"]
[WhiteTeamCountry "USA"]
[BlackTeamCountry "BUL"]

1. c4 Nf6 2. Nf3 e6 3. g3 d5 4. Bg2 dxc4 5. Qa4+ Nbd7 6. Qxc4 a6 7. Qc2 c5 8. Nc3 Qc7 9. d4 b5 10. Bf4 Qb6 11. Ne5 Bb7 12. Nxd7 Nxd7 13. d5 Nf6 14. e4 exd5 15. Nxd5 Bxd5 16. exd5 Bd6 17. Qe2+ Kf8 18. Be3 Qa5+ 19. Bd2 b4 20. 0-0 Re8 21. Qd1 Qb5 22. Re1 Rxe1+ 23. Qxe1 h6 24. a3 g6 25. axb4 cxb4 26. Bf1 Qxd5 27. Bxb4 Bxb4 28. Qxb4+ Kg7 29. Rxa6 Rc8 30. Rd6 Qe5 31. Qd4 Qxd4 32. Rxd4 Rc2 33. b4 Rb2 34. b5 h5 35. h3 Nh7 36. Kg2 Ng5 37. h4 Ne6 38. Rd5 Kf6 39. Rd6 Ke7 40. Rc6 g5 41. hxg5 Nxg5 42. Bd3 Rb3 43. Bc4 Rb2 44. Ra6 Rb4 45. Ra7+ Kf6 46. Be2 h4 47. gxh4 Ne6 48. Kg1 Nf4 49. Bf1 Kg6 50. Rc7 Rb2 51. Rc5 f5 52. Rc4 Nd5 53. Rc6+ Kh5 54. Rc5 Nf4 55. Rxf5+ Kg4 56. Rg5+ Kxh4 57. Rg8 Rb1 58. f3 Nh3+ 59. Kg2 Rb2+ 60. Kh1 Ng5 61. Rh8+ Kg3 62. Rg8 Kf4 63. Bg2 Rxb5 64. Kh2 Nxf3+ 65. Bxf3 Kxf3 66. Rf8+ Ke4 67. Re8+ Re5 68. Rxe5+ Kxe5 1/2-1/2

[Event "Kavala op 30th"]
[Site "Kavala"]
[Date "2021.08.02"]
[Round "3"]
[White "Kozhuharov, Spas"]
[Black "Karakatsanis, Nikolaos"]
[Result "1-0"]
[WhiteElo "2400"]
[BlackElo "2039"]
[PlyCount "79"]
[EventDate "2021.08.01"]
[EventType "swiss"]
[EventRounds "9"]
[EventCountry "GRE"]
[SourceTitle "CBM 203 Extra"]
[Source "ChessBase"]
[SourceDate "2021.09.30"]
[SourceVersion "1"]
[SourceVersionDate "2021.09.30"]
[SourceQuality "1"]

1. Nf3 g6 2. e4 c5 3. d4 cxd4 4. Nxd4 Nc6 5. c4 Nf6 6. Nc3 Nxd4 7. Qxd4 Bg7 8. e5 Ng8 9. Bf4 Nh6 10. Be2 0-0 11. Qd2 Nf5 12. g4 Nh4 13. Bg5 Ng2+ 14. Kf1 f6 15. exf6 exf6 16. Bh6 Nh4 17. Bxg7 Kxg7 18. Rd1 a6 19. Rg1 b5 20. cxb5 axb5 21. Bxb5 Rf7 22. Rg3 Ba6 23. Bxa6 Rxa6 24. Qd3 Ra5 25. a3 Re5 26. Nd5 d6 27. f4 Re8 28. Qd4 h6 29. Re1 Re5 30. Qd3 Rxe1+ 31. Kxe1 Qc8 32. Kd2 Qc5 33. Re3 g5 34. b4 Qc8 35. f5 h5 36. h3 hxg4 37. hxg4 Qa8 38. Qd4 Ng2 39. Re7 Qf8 40. Qxf6+ 1-0

[Event "Kavala op 30th"]
[Site "Kavala"]
[Date "2021.08.01"]
[Round "1"]
[White "Kozhuharov, Spas"]
[Black "Nteligiorgis, Eleftherios"]
[Result "1/2-1/2"]
[WhiteElo "2400"]
[BlackElo "1964"]
[PlyCount "86"]
[EventDate "2021.08.01"]
[EventType "swiss"]
[EventRounds "9"]
[EventCountry "GRE"]
[SourceTitle "CBM 203 Extra"]
[Source "ChessBase"]
[SourceDate "2021.09.30"]
[SourceVersion "1"]
[SourceVersionDate "2021.09.30"]
[SourceQuality "1"]

1. Nf3 Nf6 2. c4 e6 3. g3 a6 4. Bg2 b5 5. b3 Bb7 6. 0-0 Be7 7. Nc3 b4 8. Na4 c5 9. Bb2 d6 10. d4 Nbd7 11. d5 e5 12. Nh4 g6 13. e4 Nh5 14. Nf5 0-0 15. f4 f6 16. Bh3 Bc8 17. Qe2 Rb8 18. Rf2 Ng7 19. Nh6+ Kh8 20. Raf1 Nb6 21. Bxc8 Qxc8 22. fxe5 fxe5 23. Rxf8+ Bxf8 24. Nxb6 Rxb6 25. Qg4 Qe8 26. Bc1 Rb7 27. Bg5 Be7 28. h4 Bxg5 29. hxg5 Nh5 30. Qh4 Kg7 31. Ng4 Rf7 32. Nf6 Qf8 33. Nxh5+ gxh5 34. Rxf7+ Qxf7 35. Kg2 Qg6 36. Kf3 Qf7+ 37. Ke2 Qg6 38. Ke3 h6 39. gxh6+ Kxh6 40. Kf3 Qg5 41. Qh3 Qf6+ 42. Kg2 Qg6 43. Qh4 Qg5 1/2-1/2

[Event "PNWCC-Plovdiv FIDE Hybrid II m1"]
[Site "Chess.com INT"]
[Date "2021.07.25"]
[Round "2.1"]
[White "Li, Eric Yuhan"]
[Black "Kozhuharov, Spas"]
[Result "1-0"]
[WhiteElo "2282"]
[BlackElo "2407"]
[PlyCount "91"]
[EventDate "2021.07.24"]
[EventType "schev"]
[EventRounds "8"]
[EventCountry "USA"]
[SourceTitle "EXT 2022"]
[Source "ChessBase"]
[SourceDate "2021.10.06"]
[SourceVersion "1"]
[SourceVersionDate "2021.10.06"]
[SourceQuality "1"]
[WhiteTeam "PNWCC"]
[BlackTeam "Plovdiv"]
[WhiteTeamCountry "USA"]
[BlackTeamCountry "BUL"]

1. d4 d5 2. c4 e6 3. Nc3 c6 4. e3 Nf6 5. Nf3 Nbd7 6. Qc2 Bd6 7. Bd3 dxc4 8. Bxc4 0-0 9. 0-0 b5 10. Be2 Bb7 11. e4 e5 12. dxe5 Nxe5 13. Nd4 Re8 14. Nf5 Bc5 15. Bg5 Ned7 16. Rad1 Qb6 17. Kh1 h6 18. Bh4 Bf8 19. a3 a5 20. f4 b4 21. Na4 Qa7 22. e5 Nd5 23. Rd3 g6 24. Rg3 Kh8 25. Rh3 Kg8 26. Bf2 c5 27. Bg1 gxf5 28. Qxf5 Ne7 29. Rg3+ Bg7 30. Qg4 Ng6 31. Bc4 Ndf8 32. Bxc5 Ba6 33. Bxa7 Bxc4 34. Rc1 Bb5 35. Bd4 Bxa4 36. f5 Bd7 37. e6 Nxe6 38. fxg6 Bxd4 39. gxf7+ Kxf7 40. Rf1+ Ke7 41. Qh4+ Kd6 42. Rd3 Kc5 43. Rc1+ Kb5 44. Rxd4 Nxd4 45. Qxd4 Rac8 46. Qxd7+ 1-0

[Event "Titled Tuesday intern op 23rd Mar"]
[Site "Chess.com INT"]
[Date "2021.03.23"]
[Round "7"]
[White "Grochal, Joey"]
[Black "Kozhuharov, Spas"]
[Result "1-0"]
[WhiteElo "2335"]
[BlackElo "2407"]
[PlyCount "131"]
[EventDate "2021.03.23"]
[EventType "swiss (blitz)"]
[EventRounds "11"]
[EventCountry "USA"]
[SourceTitle "CBM 201 Extra"]
[Source "ChessBase"]
[SourceDate "2021.05.31"]
[SourceVersion "1"]
[SourceVersionDate "2021.05.31"]
[SourceQuality "1"]

1. d4 d5 2. c4 e6 3. Nc3 c6 4. Nf3 Nf6 5. Bg5 h6 6. Bxf6 Qxf6 7. e3 Nd7 8. Rc1 Bd6 9. Qc2 0-0 10. Be2 dxc4 11. Bxc4 e5 12. 0-0 exd4 13. Nxd4 Qe5 14. Nf3 Qh5 15. Ne4 Bc7 16. Ng3 Qa5 17. Nf5 Ne5 18. Nxe5 Qxe5 19. Ng3 Be6 20. Bd3 Rfd8 21. b3 a5 22. Rce1 a4 23. f4 axb3 24. axb3 Qd5 25. Bc4 Qd2 26. Qxd2 Rxd2 27. Bxe6 fxe6 28. Rf2 Rd3 29. Rb2 Ra3 30. Ne4 Bb6 31. Kf2 Rdxb3 32. Rxb3 Rxb3 33. Nd6 Bc5 34. Nc4 Kf7 35. Ne5+ Ke7 36. g4 Bd6 37. Nc4 b5 38. Na5 Rc3 39. Nb7 b4 40. Rb1 c5 41. Ke2 b3 42. h4 c4 43. Na5 Rc2+ 44. Kf3 Bc5 45. Nxc4 Rxc4 46. Rxb3 Kd6 47. g5 h5 48. Rb7 g6 49. Rg7 Rc3 50. Rxg6 Rxe3+ 51. Kg2 Kd5 52. Rh6 Re4 53. Rxh5 Rxf4 54. Kg3 Bd6 55. g6+ Rf5+ 56. Kg4 Rxh5 57. Kxh5 Bf8 58. Kg5 e5 59. h5 e4 60. h6 e3 61. g7 Be7+ 62. Kg6 e2 63. g8Q+ Ke5 64. Qg7+ Kd6 65. Qd4+ Ke6 66. Qe3+ 1-0

[Event "Titled Tuesday intern op 23rd Mar"]
[Site "Chess.com INT"]
[Date "2021.03.23"]
[Round "2"]
[White "Kozhuharov, Spas"]
[Black "Nastore, Pavel Alexandru"]
[Result "1-0"]
[WhiteElo "2407"]
[BlackElo "2234"]
[PlyCount "123"]
[EventDate "2021.03.23"]
[EventType "swiss (blitz)"]
[EventRounds "11"]
[EventCountry "USA"]
[SourceTitle "CBM 201 Extra"]
[Source "ChessBase"]
[SourceDate "2021.05.31"]
[SourceVersion "1"]
[SourceVersionDate "2021.05.31"]
[SourceQuality "1"]

1. d4 Nf6 2. c4 c5 3. d5 e6 4. Nc3 exd5 5. cxd5 d6 6. e4 g6 7. f3 Bg7 8. Nge2 0-0 9. Ng3 Re8 10. Be2 Nbd7 11. 0-0 a6 12. a4 Qc7 13. Be3 h5 14. Qd2 h4 15. Nh1 Ne5 16. Nf2 h3 17. g4 Bd7 18. Nxh3 Nh7 19. Nf2 f5 20. h3 Rf8 21. f4 Nf7 22. exf5 gxf5 23. g5 Nd8 24. h4 Rb8 25. h5 b5 26. h6 Bh8 27. g6 Nf6 28. g7 Bxg7 29. hxg7 Rf7 30. Nh3 Rxg7+ 31. Ng5 b4 32. Nd1 Ne4 33. Qc2 Nf7 34. Bf3 Nfxg5 35. fxg5 Nxg5 36. Bxg5 Rxg5+ 37. Bg2 Bc8 38. Ne3 Qg7 39. Rf4 Qe5 40. Qf2 Rb7 41. Re1 Rbg7 42. Ng4 Qd4 43. Qxd4 cxd4 44. Re8+ Kf7 45. Rxc8 Rxg4 46. Rxf5+ Kg6 47. Rf2 d3 48. Rc6 Kh5 49. Rc1 Rd4 50. Rd1 b3 51. Rf3 Rgg4 52. Rdxd3 Rxd3 53. Rxd3 Rxa4 54. Rxb3 Ra1+ 55. Kf2 Rb1 56. Rb6 Kg4 57. Be4 Rd1 58. Rxd6 Rd2+ 59. Ke3 Rxb2 60. Rxa6 Rb3+ 61. Kd4 Rb4+ 62. Ke5 1-0

[Event "Titled Tuesday intern op 24th Nov"]
[Site "Chess.com INT"]
[Date "2020.11.24"]
[Round "8"]
[White "Orozbaev, Eldiar"]
[Black "Kozhuharov, Spas"]
[Result "0-1"]
[WhiteElo "1973"]
[BlackElo "2407"]
[PlyCount "76"]
[EventDate "2020.11.24"]
[EventType "swiss (blitz)"]
[EventRounds "11"]
[EventCountry "USA"]
[SourceTitle "CBM 199 Extra"]
[Source "ChessBase"]
[SourceDate "2021.01.31"]
[SourceVersion "1"]
[SourceVersionDate "2021.01.31"]
[SourceQuality "1"]

1. e4 c5 2. c3 d6 3. d4 Nf6 4. Bd3 g6 5. Nf3 Bg7 6. 0-0 0-0 7. Qe2 cxd4 8. cxd4 Nc6 9. h3 e5 10. Be3 Re8 11. Nc3 exd4 12. Nxd4 d5 13. Nxc6 bxc6 14. exd5 Nxd5 15. Nxd5 cxd5 16. Qf3 Bxb2 17. Rab1 Bg7 18. Rfd1 Be6 19. Bb5 Qa5 20. Bxe8 Rxe8 21. Bd4 Bxd4 22. Rxd4 Qxa2 23. Re1 Rb8 24. h4 Rb1 25. Rxb1 Qxb1+ 26. Kh2 h5 27. Rd1 Qb2 28. Qe3 a5 29. Rd4 Qb6 30. Qd2 Qb5 31. Qc2 Bd7 32. Qc7 a4 33. Qd6 Be6 34. Rb4 Qe2 35. Rb8+ Kh7 36. Qf8 Qe5+ 37. g3 d4 38. Qh8+ Qxh8 0-1

[Event "Titled Tuesday intern op 17th Nov"]
[Site "Chess.com INT"]
[Date "2020.11.17"]
[Round "1"]
[White "Ben Artzi, Ido"]
[Black "Kozhuharov, Spas"]
[Result "0-1"]
[WhiteElo "2359"]
[BlackElo "2407"]
[PlyCount "90"]
[EventDate "2020.11.17"]
[EventType "swiss (blitz)"]
[EventRounds "11"]
[EventCountry "USA"]
[SourceTitle "CBM 199 Extra"]
[Source "ChessBase"]
[SourceDate "2021.01.31"]
[SourceVersion "1"]
[SourceVersionDate "2021.01.31"]
[SourceQuality "1"]

1. d4 d5 2. c4 dxc4 3. e3 Nf6 4. Bxc4 e6 5. Nf3 c5 6. 0-0 Nc6 7. Nc3 a6 8. a4 Bd6 9. Qe2 0-0 10. Rd1 Qe7 11. Bd2 e5 12. dxc5 Bxc5 13. Nd5 Nxd5 14. Bxd5 e4 15. Ne1 Nb4 16. Bxb4 Bxb4 17. Nc2 Bc5 18. Qc4 Bf5 19. Nd4 Bg6 20. Rac1 Bd6 21. Qb3 Rab8 22. Qb6 Qe5 23. g3 Bh5 24. Rd2 Qxd5 25. Nb3 Qf5 26. Rxd6 Bf3 27. Kf1 Qh3+ 28. Ke1 Qxh2 29. Kd2 Qxf2+ 30. Kc3 Rbc8+ 31. Kb4 Rxc1 32. Nxc1 Qxb2+ 33. Nb3 h5 34. Rd8 Rxd8 35. Qxd8+ Kh7 36. Qd7 a5+ 37. Kxa5 Qxb3 38. Qf5+ g6 39. Qf6 b6+ 40. Ka6 Qxa4+ 41. Kb7 Qd7+ 42. Kxb6 Qe6+ 43. Qxe6 fxe6 44. Kc5 g5 45. Kd6 h4 0-1

[Event "Titled Tuesday intern op 17th Nov"]
[Site "Chess.com INT"]
[Date "2020.11.17"]
[Round "3"]
[White "Dominguez Perez, Leinier"]
[Black "Kozhuharov, Spas"]
[Result "1-0"]
[WhiteElo "2758"]
[BlackElo "2407"]
[PlyCount "125"]
[EventDate "2020.11.17"]
[EventType "swiss (blitz)"]
[EventRounds "11"]
[EventCountry "USA"]
[SourceTitle "CBM 199 Extra"]
[Source "ChessBase"]
[SourceDate "2021.01.31"]
[SourceVersion "1"]
[SourceVersionDate "2021.01.31"]
[SourceQuality "1"]

1. e4 c6 2. d4 d5 3. e5 Bf5 4. Nf3 e6 5. Be2 Bg6 6. 0-0 Nh6 7. c3 Nf5 8. Bf4 Be7 9. Nbd2 0-0 10. g4 Nh4 11. Nxh4 Bxh4 12. Bg3 Nd7 13. f4 f5 14. exf6 Bxf6 15. Nf3 c5 16. Bd3 Bxd3 17. Qxd3 Qb6 18. Rf2 cxd4 19. cxd4 Rac8 20. Re1 Rc4 21. Rd2 Rfc8 22. Kg2 Qc6 23. Bf2 Nf8 24. g5 Bd8 25. Ne5 Qd6 26. Nxc4 dxc4 27. Qe4 b5 28. Ree2 Ba5 29. Rd1 Rd8 30. f5 exf5 31. Qxf5 Ng6 32. Bg3 Qd5+ 33. Qxd5+ Rxd5 34. h4 h5 35. Kf3 Bb6 36. Re6 Kf7 37. Re4 b4 38. Ke2 Ne7 39. Rf1+ Ke8 40. Rc1 Kd7 41. Rxc4 Nf5 42. Bf2 Nd6 43. Kd3 Nxe4 44. Kxe4 Ra5 45. Rxb4 Rxa2 46. Bg3 g6 47. Rb5 Ra1 48. Rd5+ Ke6 49. Rd6+ Kf7 50. Rf6+ Kg7 51. Be5 Re1+ 52. Kd5 Kg8 53. Rxg6+ Kf7 54. Rf6+ Ke7 55. Rh6 Re2 56. Rh7+ Kd8 57. Ke6 Kc8 58. Kd5 Rxb2 59. g6 Rg2 60. g7 a5 61. Rxh5 a4 62. Rg5 Rxg5 63. hxg5 1-0